<?xml version="1.0" encoding="UTF-8"?><?xml-stylesheet type="text/xsl" href="static/style.xsl"?><OAI-PMH xmlns="http://www.openarchives.org/OAI/2.0/" xmlns:xsi="http://www.w3.org/2001/XMLSchema-instance" xsi:schemaLocation="http://www.openarchives.org/OAI/2.0/ http://www.openarchives.org/OAI/2.0/OAI-PMH.xsd"><responseDate>2026-04-26T22:06:56Z</responseDate><request verb="GetRecord" identifier="oai:uvadoc.uva.es:10324/31495" metadataPrefix="marc">https://uvadoc.uva.es/oai/request</request><GetRecord><record><header><identifier>oai:uvadoc.uva.es:10324/31495</identifier><datestamp>2021-06-29T22:09:33Z</datestamp><setSpec>com_10324_38</setSpec><setSpec>col_10324_852</setSpec></header><metadata><record xmlns="http://www.loc.gov/MARC21/slim" xmlns:doc="http://www.lyncode.com/xoai" xmlns:xsi="http://www.w3.org/2001/XMLSchema-instance" xmlns:dcterms="http://purl.org/dc/terms/" xsi:schemaLocation="http://www.loc.gov/MARC21/slim http://www.loc.gov/standards/marcxml/schema/MARC21slim.xsd">
<leader>00925njm 22002777a 4500</leader>
<datafield tag="042" ind1=" " ind2=" ">
<subfield code="a">dc</subfield>
</datafield>
<datafield tag="720" ind1=" " ind2=" ">
<subfield code="a">Romero Polanco, Jorge</subfield>
<subfield code="e">author</subfield>
</datafield>
<datafield tag="260" ind1=" " ind2=" ">
<subfield code="c">2018</subfield>
</datafield>
<datafield tag="520" ind1=" " ind2=" ">
<subfield code="a">Este trabajo está centrado en el diseño de una celda electrolítica con una&#xd;
capacidad de producción de 1000 NL/h de hidrógeno destinado a su uso en&#xd;
automoción. La tecnología electrolítica AEM (Anion Exchange Membrane)&#xd;
utilizada es apta para este fin por cumplir el nivel de pureza de H2 requerido&#xd;
con un diseño compacto y con coste competitivo. Se ha seleccionado un tipo&#xd;
de celda adecuada y se han realizado cálculos de los principales parámetros&#xd;
de operación y de diseño de la celda, que trabajará con agua desionizada, a&#xd;
70ºC y 30 bar, con una densidad de corriente de 3000 A/m2, un voltaje real&#xd;
de celda de 1.97 V, una eficiencia del 64.2% y una potencia de 4.32 kWh/m3.&#xd;
La celda comercial seleccionada que cumple estos requerimientos es el&#xd;
modelo AES1000 del fabricante Acta. El estudio se ha completado con un&#xd;
análisis de costes, de seguridad y de impacto ambiental del sistema&#xd;
electrolítico propuesto.&#xd;
Palabras clave: Celda electrolítica, hidrógeno, tecnología AEM, automoción</subfield>
</datafield>
<datafield tag="024" ind2=" " ind1="8">
<subfield code="a">http://uvadoc.uva.es/handle/10324/31495</subfield>
</datafield>
<datafield ind1=" " ind2=" " tag="653">
<subfield code="a">Electrólisis</subfield>
</datafield>
<datafield ind1=" " ind2=" " tag="653">
<subfield code="a">Hidrógeno-Aplicaciones industriales</subfield>
</datafield>
<datafield ind1=" " ind2=" " tag="653">
<subfield code="a">Hidrógeno (Combustible)</subfield>
</datafield>
<datafield tag="245" ind1="0" ind2="0">
<subfield code="a">Producción de hidrógeno vía electrolítica para su uso en automoción</subfield>
</datafield>
</record></metadata></record></GetRecord></OAI-PMH>